Indigenous Peoples’ Rights and Cultural Heritage: Threats and Challenges for a New Model of Heritage Policy = Derechos de los pueblos indígenas y patrimonio cultural: amenazas y desafíos para un nuevo modelo de política del patrimonio /

El propósito de este artículo es analizar la situación de los derechos de los pueblos indígenas en el contexto de la protección, salvaguardia y gestión de su patrimonio cultural, especialmente aquellos elementos que han sido inscritos en el Lista del Patrimonio Mundial de la UNESCO. Señalo los aspec...

Ful tanımlama

Kaydedildi:
Detaylı Bibliyografya
Yazar: Kania, Marta
Materyal Türü: Kitap
Dil:Spanish
Konular:
Online Erişim:texto completo desde el sitio de la revista
Etiketler: Etiketle
Etiket eklenmemiş, İlk siz ekleyin!

MARC

LEADER 00000nam a22000007a 4500
003 cru CIDCACS/IIS
005 20230902184845.0
007 ta
008 200109t2019 mx |||p|r||||||0| ||spa d
040 |c cru CRAI/IIS 
100 1 |a Kania, Marta  |9 8898 
245 1 |a Indigenous Peoples’ Rights and Cultural Heritage:   |b Threats and Challenges for a New Model of Heritage Policy = Derechos de los pueblos indígenas y patrimonio cultural: amenazas y desafíos para un nuevo modelo de política del patrimonio /  |c Marta Kania 
300 |a páginas 121-157 
520 |a El propósito de este artículo es analizar la situación de los derechos de los pueblos indígenas en el contexto de la protección, salvaguardia y gestión de su patrimonio cultural, especialmente aquellos elementos que han sido inscritos en el Lista del Patrimonio Mundial de la UNESCO. Señalo los aspectos negativos de la apropiación política de los elementos del patrimonio cultural y las implicaciones de su designación como Patrimonio Mundial para los pueblos indígenas. Como territorio de referencia elegí el área de América Latina, Al referir los documentos internacionales y analizando el contenido de las recomendaciones e informes adoptados en los últimos años por el sistema de las Naciones Unidas, trato asimismo de identificar los procesos positivos de las iniciativas sociales y las prácticas políticas. RAR 09/2022 
650 0 |2 OCDE  |9 2742  |a PATRIMONIO CULTURAL 
650 0 |2 ANSES  |9 2521  |a POLITICA CULTURAL 
650 0 |2 CIDCSO  |9 8011  |a PUEBLOS 
650 0 |2 UNESCO  |9 10297  |a DERECHOS HUMANOS COLECTIVOS  
773 0 |0 19263  |9 3751  |a Universidad Nacional Autónoma de México, UNAM  |d México: UNAM N° 36 (2003- )  |o 18574  |t Latinoamérica:  |x 16658574 
856 |u http://www.revistadeestlat.unam.mx/index.php/latino/article/view/57064/50875  |y texto completo desde el sitio de la revista 
942 |2 ddc  |c PP 
999 |c 42805  |d 42805